Times Tables - 1x - Statistics

General Stats
  • This quiz has been taken 476 times
  • The average score is 12 of 12
Answer Stats
Equation Answer % Correct
2x1 2
100%
1x1 1
99%
3x1 3
99%
4x1 4
99%
6x1 6
99%
7x1 7
99%
8x1 8
99%
9x1 9
99%
10x1 10
98%
11x1 11
98%
5x1 5
98%
12x1 12
97%
No matching quizzes found
Score Distribution
Percent of People with Each Score
Percentile by Number Answered
Your Score History
You have not taken this quiz